000 00386pab a2200169 454500
008 180718b1999 xxu||||| |||| 00| 0 eng d
100 _aNarayanan, M.K.
245 _aOn the Line of Control, in search of peace
260 _c1999
300 _ap.12
362 _a7 Jun
650 _aWar
650 _aDefence
650 _aKargil conflict
773 _aAsian Age
909 _a42214
999 _c42214
_d42214